Posolstvá spod pokožky Po medzinárodnom tanečnom festivale Bratislava v pohybe

Bibliographic Details
Main Author: Čierna, Miroslava (Author)
Format: Article
Language:Slovak
Subjects:

MARC

LEADER 00000nab a2200000 a 4500
001 vtls000630223
003 SK-MaSNL
005 20260302200639.0
008 140422c1997 xo 0 slo
015 |a SNBRB19rr/mm-uuuuu 
035 |a CL0630362 
040 |a SNKBUCL  |b slo  |c SNKBUCL  |e AACR2 
041 0 |a slo 
044 |a xo  |c SK 
080 |a 793.32.091.4:792.8  |2 1981 
080 |a 792.8  |2 1981 
100 1 |a Čierna, Miroslava  |4 aut  |9 5202 
245 1 0 |a Posolstvá spod pokožky  |b Po medzinárodnom tanečnom festivale Bratislava v pohybe  |c Miroslava Čierna 
300 |b Fotogr. 1 
611 2 7 |a Bratislava v pohybe (festival)  |n (1 :  |d 1997 :  |c Bratislava, Slovensko)  |2 snkbucl  |9 176437 
650 0 7 |a tanec umelecký  |2 snkbucl  |9 899157 
650 0 7 |a choreografia  |2 snkbucl  |9 52282 
655 7 |a články z novín a časopisov  |2 snkbucl  |9 267496 
773 0 |t Literárny týždenník  |g Roč. 10, č. 23 (1997), s. 15  |x 0862-5999 
850 |a Slovenská národná knižnica v Martine  |a MTA001 
852 |a SNK  |b KIS3GCP 
958 |a RK 
992 |a RBX 
999 |c 1457721  |d 1459651